000 01252nac a22002651u 4500
010 _a 2003276685
020 _a1860649009 (pbk.)
082 0 0 _a320.557092
_bM3791
090 _c4926
_d4926
100 _aMartin, Vanessa.
245 1 0 _aCreating an Islamic state :
_bKhomeini and the making of a new Iran /
_cVanessa Martin.
250 _aNew ed.
260 _aLondon ;
_aNew York :
_bI.B. Tauris ;
_aNew York :
_bIn U.S. distributed by Palgrave Macmillan,2003
_c2003.
300 _axv, 248 p. ;
_c22 cm.
504 _aIncludes bibliographical references (p. [235]-243) and index.
600 1 0 _aKhomeini, Ruhollah.
650 0 _aIslam and state.
650 0 _aIslam and politics
_zIran.
651 0 _aIran
_xPolitics and government
_y1941-1979.
856 4 2 _3Contributor biographical information
_uhttp://www.loc.gov/catdir/bios/hol052/2003276685.html
856 4 2 _3Publisher description
_uhttp://www.loc.gov/catdir/description/hol041/2003276685.html
856 4 2 _3Table of contents
_uhttp://www.loc.gov/catdir/toc/hol041/2003276685.html
942 _cNB
_k320.557092M3791
999 _c4926
_d4926